| 000 | 01057 a2200241 4500 | ||
|---|---|---|---|
| 003 | Nust | ||
| 005 | 20170207154053.0 | ||
| 010 | _a 2008037344 | ||
| 020 | _a0-470-41983-0 (cloth) | ||
| 020 | _a978-0-470-41983-0 (cloth) | ||
| 035 | _a(OCoLC)ocn244476602 | ||
| 040 | _cNust | ||
| 082 | 0 | 0 | _a658.401 |
| 100 | 1 | _aDavid Silver | |
| 245 | 1 | 4 |
_aThe social network business plan : 18 strategies that will create great wealth (E-Book) _cDavid Silver |
| 260 |
_aHoboken, N.J. : _bJohn Wiley, _ccop. 2009 |
||
| 300 |
_axxxi, 191 p. : _bill. ; _c24 cm. |
||
| 505 | 0 | _aEighteen sustainable revenue channels -- Your recommender community as theater -- Mimic the bakers and copy Starbucks -- Why not start five simultaneously? -- Loyalty and passion builders -- Disruption : the sumptuous impertinence -- Should you sell, or are you having too much fun? -- Wrap-up. | |
| 650 | 0 | _aBusiness planning. | |
| 650 | 0 | _aCorporate planning | |
| 650 | 0 | _aSocial networks. | |
| 651 | _aThe social network business plan : 18 strategies that will create great wealth (E-Book) | ||
| 942 |
_2ddc _cBK |
||
| 999 |
_c193186 _d193186 |
||